banner-ar

محمد الرسول الذاهد / (Record no. 57345)

MARC details
000 -الفاتح
حقل البيانات ثابتة الطول 00683nam a2200229Ia 4500
008 - عناصر البيانات ثابتة الطول - معلومات عامة
حقل البيانات ثابتة الطول 140319s9999 xx 000 0 ara d
040 ## - مصدر الفهرسة
وكالة الفهرسة الأصلية GCL /
وكالة النسخ GCL
082 04 - رقم تصنيف ديوى العشرى
رقم التصنيف ط
رقم المادة 239
-- ع م
100 1# - المدخل الرئيسى - إسم شخصى
الإسم الشخصى عبدالتواب يوسف
245 10 - بيان العنوان
العنوان محمد الرسول الذاهد /
بيان المسئوليه,etc عبدالتواب يوسف
700 1# - المدخل الاضافى - اسم شخصى
الإسم الشخصى عادل البطراوى
700 1# - المدخل الاضافى - اسم شخصى
الإسم الشخصى محمد التهامى
300 ## - الوصف المادى
التعداد 15 ص
490 ## - بيان السلسلة
عنوان السلسلة محمد خير البشر
رقم المجلد/ التعيين التسلسلي 0
650 04 - المدخل الاضافى بالموضوع-مصطلح موضوعى
مصطلح موضوعي السيرة النبوية
650 04 - المدخل الاضافى بالموضوع-مصطلح موضوعى
مصطلح موضوعي الاطفال
650 04 - المدخل الاضافى بالموضوع-مصطلح موضوعى
مصطلح موضوعي القصص
650 04 - المدخل الاضافى بالموضوع-مصطلح موضوعى
مصطلح موضوعي قصص الاطفال
942 ## - عناصر المدخل الإضافي( كوها)
مصدر التصنيف او مخطط الترفيف Dewey Decimal Classification
Koha [default] item type كتاب
260 ## - PUBLICATION, DISTRIBUTION, ETC. (IMPRINT)
-- [S.N] :
-- دار الكتاب المصرى
Holdings
حالة التراجع حالة الفقد حالة تلف ليس للاعارة المكان المؤقت الموقع الحالى تاريخ الاكتساب اجمالي اﻻعارات رقم الطلب الباركود تاريخ اخر مشاهدة تاريخ تفعيل السعر نوع وعاء كوها
        مكتبة القاهرة الكبرى مكتبة القاهرة الكبرى 03/26/2014   ط\239\ع م 145255 03/26/2014 03/26/2014 كتاب

Powered By

EGPV